• 首页
  • 本馆介绍
  • 公告通知
  • 最新文献
  • 馆藏检索
  • 电子资源
  • 读者导购
  • 参考咨询
  • 我的图书馆
  • 登录
  • 详细信息显示
  • 放入我的书架
  • 预约/预借图书
  • 作者相关作品
  • 分类相关作品
  • 丛书相关作品
  • 出版社相关作品

书目信息

  • 表格格式
  • 工作单格式
  • 卡片格式
题名:
古德里安
    
 
作者: 姚捷 著
分册:  
出版信息: 北京   中国华侨出版社  2015
页数: 309页
开本: 24cm
丛书名: 二战风云人物
单 册:
中图分类: K835.165.2
科图分类:
主题词:
电子资源:
ISBN: 978-7-5113-5221-7
000 00933oam2 2200253 450
001 2160549073
005 20210928130734.0
010    @a978-7-5113-5221-7@dCNY68.00
100    @a20150712d2015 em y0chiy50 ea
101 0  @achi
102    @aCN@b110000
105    @aa z 000yb
106    @ar
200 1  @a古德里安@Agu de li an@f姚捷著
210    @a北京@c中国华侨出版社@d2015
215    @a309页@c照片@d24cm
225 2  @a二战风云人物@Aer zhan feng yun ren wu
330    @a本书从宏大的历史战争画卷入手,就古德里安的人物性格、军事指挥艺术以及世界潮流发展进行深入分析与阐释,围绕他在二战时期的经历展开,记述这位德国将领所参与的重大军事行动,以及他充当纳粹侵略急先锋给世界人民带来的无限灾难。
461  0 @12001 @a二战风云人物
600  1 @a古德里安@Agu de li an@gGuderian, Heinz@f1888-1953@x传记
690    @aK835.165.2@v5
701  0 @a姚捷@Ayao jie@4著
801  0 @aCN@b百万庄@c20210927
905    @b1301523-26@dK835.165.2@e1163@f4
    
    古德里安/姚捷著.-北京:中国华侨出版社,2015
    309页:照片;24cm.-(二战风云人物)
    
    
    ISBN 978-7-5113-5221-7:CNY68.00
    本书从宏大的历史战争画卷入手,就古德里安的人物性格、军事指挥艺术以及世界潮流发展进行深入分析与阐释,围绕他在二战时期的经历展开,记述这位德国将领所参与的重大军事行动,以及他充当纳粹侵略急先锋给世界人民带来的无限灾难。
●
相关链接 在E读中查询图书 在五车中查询图书 在当当中查询图书 在豆瓣中查询图书


正题名:古德里安     索取号:K835.165.2/1163         预约/预借

序号 登录号 条形码 馆藏地/架位号 状态 备注
1 1301523   213015235   第二样本阅览室/ [索取号:K835.165.2/1163] 在馆    
2 1301524   213015244   第二借阅区/ [索取号:K835.165.2/1163] 在馆    
3 1301525   213015253   第二借阅区/ [索取号:K835.165.2/1163] 在馆    
4 1301526   213015262   第二借阅区/ [索取号:K835.165.2/1163] 在馆    
唐山师范学院图书馆 欢迎您!
大连网信软件有限公司© 版权所有